Soil microbiological activity under different vegetation coverages in the Cerrado biome of Tocantins state (Registro n. 331102)
[ somente texto ]
| 000 -LÍDER | |
|---|---|
| fixed length control field | 04362nab a2200361 i 4500 |
| 003 - CÓDIGO MARC DA AGÊNCIA CATALOGADORA | |
| Campo de controle | BR-BrBNA |
| 005 - DATA E HORA DA ÚLTIMA ATUALIZAÇÃO | |
| Campo de controle | 20250417152630.0 |
| 008 - CAMPO DE TAMANHO FIXO | |
| fixed length control field | 250417b2021 bl.qr|pooa||| 00| 0 eng | |
| 040 ## - FONTE DA CATALOGAÇÃO | |
| Agência catalogadora | BR-BrBNA |
| Idioma da catalogação | eng |
| 072 ## - CATEGORIA AGRIS | |
| Código AGRIS | P34 |
| 100 ## - ENTRADA PRINCIPAL - NOME PESSOAL | |
| Nome pessoal | Marinho Junior, Josué Luiz |
| 100 ## - ENTRADA PRINCIPAL - NOME PESSOAL | |
| Nome pessoal | Piscoya, Victor Casimiro |
| 100 ## - ENTRADA PRINCIPAL - NOME PESSOAL | |
| Nome pessoal | Cunha Filho, Moacyr |
| 100 ## - ENTRADA PRINCIPAL - NOME PESSOAL | |
| Nome pessoal | Fernandes, Milton Marques |
| 100 ## - ENTRADA PRINCIPAL - NOME PESSOAL | |
| Nome pessoal | Pedrotti, Alceu |
| 100 ## - ENTRADA PRINCIPAL - NOME PESSOAL | |
| Nome pessoal | Piscoya, Thaisa Oliveira Folha |
| 100 ## - ENTRADA PRINCIPAL - NOME PESSOAL | |
| Nome pessoal | Gomes Filho, Raimundo Rodrigues |
| 100 ## - ENTRADA PRINCIPAL - NOME PESSOAL | |
| Nome pessoal | Campos, Fabricio Souza |
| 100 ## - ENTRADA PRINCIPAL - NOME PESSOAL | |
| Nome pessoal | Holanda, Francisco Sandro Rodrigues |
| 100 ## - ENTRADA PRINCIPAL - NOME PESSOAL | |
| Nome pessoal | Castro, Jamilie Brito de |
| 100 ## - ENTRADA PRINCIPAL - NOME PESSOAL | |
| Nome pessoal | Roncal, Jorge Luis Piscoya |
| 100 ## - ENTRADA PRINCIPAL - NOME PESSOAL | |
| Nome pessoal | Araújo Filho, Renisson Neponuceno de |
| 245 ## - TÍTULO PRINCIPAL | |
| Título principal | Soil microbiological activity under different vegetation coverages in the Cerrado biome of Tocantins state |
| 500 ## - NOTA GERAL | |
| Nota geral | Publicação on-line; 26 ref.; 1 table; 5 illus.; Summaries (En, Pt) |
| 942 ## - ADDED ENTRY ELEMENTS (KOHA) | |
| Koha item type | Analítica |
| 520 ## - NOTA DE RESUMO | |
| Nota de conteúdo | <br/><br/>ABSTRACT<br/><br/>The microbial activity is very sensitive to changes in soil cover, making it an important indicator of soil<br/>quality. The study aimed to assess changes in soil microbiological activities under different vegetation<br/>coverings in the Cerrado biome of Tocantins state. The work was developed in areas of Eucalyptus sp.,<br/>Pasture, agriculture and Cerrado sensu stricto in the experimental farm of the Federal University of<br/>Tocantins. The soil samples were collected in trenches of 70 x 70 cm at depths 0-10 and 10-20 cm,<br/>with six replications. The variables evaluated were: concentration and stock in the microbial biomass<br/>carbon, basal soil respiration, metabolic quotient and microbial quotient. The statistical analysis was<br/>performed using the normality test, analysis of variance and comparison of means by the Tukey test<br/>at 5% significance. The area with Eucalyptus sp. at 11 years of age, he had a stable soil microbiological<br/>activity, showing stocks in microbial biomass carbon 57.32% higher than that native forest vegetation,<br/>84.29% that pasture and 290.91% that agriculture. The soil microbiological activities are affected by the<br/>variation of the soil vegetation cover, being efficient as an indicator of soil quality.<br/><br/>Keywords: Bioindicators; Soil respiration; Metabolic quotient; Microbial biomass carbon<br/><br/><br/><br/><br/>RESUMO<br/><br/>A atividade microbiana se mostra bastante sensível a mudanças da cobertura, tornando-se um<br/>importante indicador de qualidade do solo. O estudo teve como objetivo avaliar as alterações nas<br/>atividades microbiológicas do solo sob as diferentes coberturas vegetais no cerrado do Tocantins. O<br/>trabalho foi desenvolvido em áreas de Eucalyptus sp., pastagem, agricultura e cerrado sensu stricto<br/>na fazenda experimental da Universidade Federal do Tocantins. As amostras de solo foram coletadas<br/>em trincheiras de 70 x 70 cm nas profundidades 0-10 e 10-20 cm, com seis repetições. As variáveis<br/>avaliadas foram: concentração e estoque de carbono na biomassa microbiana, respiração basal do<br/>solo, quociente metabólico e quociente microbiano. A análise estatística foi realizada por meio do teste<br/>de normalidade, análise de variância e comparação das médias pelo teste Tukey a 5% de significância.<br/>A área com Eucalyptus sp. com 11 anos apresentou uma atividade microbiológica do solo estável,<br/>apresentando estoques de carbono na biomassa microbiana superiores em 57,32 % aos da vegetação<br/>de mata nativa, 84,29 % ao da pastagem e 290,91 % ao da agricultura. As atividades microbiológicas<br/>do solo são afetadas pela variação da cobertura vegetal do solo, sendo eficiente como indicador de<br/>qualidade do solo.<br/><br/>Palavras-chave: Bioindicadores; Respiração do solo; Quociente metabólico; Carbono da biomassa<br/>microbiana |
| 650 ## - ASSUNTO - THESAGRO | |
| Cabeçalho tópico ou nome geográfico | RESPIRAÇÃO DO SOLO |
| 650 ## - ASSUNTO - THESAGRO | |
| Cabeçalho tópico ou nome geográfico | MICROBIOLOGIA DO SOLO |
| 650 ## - ASSUNTO - THESAGRO | |
| Cabeçalho tópico ou nome geográfico | COBERTURA VEGETAL |
| 773 0# - ENTRADA ANALÍTICA | |
| Host Biblionumber | 4065 |
| Registro do item | 348518 |
| Imprenta | Santa Maria-RS Universidade Federal de Santa Maria - Centro de Pesquisas Florestais.Departamento de Ciências Florestais. Programa de Pós-Graduação em Engenharia Florestal 1991 |
| Outro identificador | 2025-1011 |
| Título | Ciência Florestal (Brazil) |
| ISSN | 0103-9954; 1980-5098 (on-line) |
| Colação | v. 31(3) p. 1494-1511; (Jul-Sep 2021) |
| Número de controle de registro | BR2023001897 |
| 856 ## - ACESSO E ENDEREÇO ELETRÔNICO | |
| Identificador uniforme de recurso - URI | https://www.scielo.br/j/cflo/a/BQ44DLbtkPwbJp9H6syJNBf/?format=pdf&lang=en |
Nenhum exemplar disponível.

BINAGRI